कैसे जीतती है भाजपा (Record no. 9324)
[ view plain ]
| 000 -LEADER | |
|---|---|
| fixed length control field | 02073nam a2200193Ia 4500 |
| 020 ## - INTERNATIONAL STANDARD BOOK NUMBER | |
| ISBN | 9789386228512 |
| 082 ## - DEWEY DECIMAL CLASSIFICATION NUMBER | |
| Classification number | 320.954 |
| Item number | JHA-K |
| 100 ## - MAIN ENTRY--AUTHOR NAME | |
| Personal name | झा, प्रशांत |
| Fuller form of name | Jha, Prashant |
| 245 ## - TITLE STATEMENT | |
| Title | कैसे जीतती है भाजपा |
| Sub Title | : भारत की सबसे सशक्त चुनावी मशीन पैर एक नज़र |
| 246 ## - VARYING FORM OF TITLE | |
| Title proper/short title | Kaise jeetati hai Bhajpa: Bharat ki sabse sashakt chunaavi machine per ek nazar |
| 260 ## - PUBLICATION, DISTRIBUTION, ETC. (IMPRINT) | |
| Place of publication | New Delhi |
| Name of publisher | Juggernaut Books |
| Year of publication | 2017 |
| 300 ## - PHYSICAL DESCRIPTION | |
| Number of Pages | 215p |
| 520 ## - SUMMARY, ETC. | |
| Summary, etc | नरेंद्र मोदी के व्यापक आकर्षण का राज क्या है? नोटबंदी से भाजपा को उत्तर प्रदेश चुनावों में कोई नुकसान क्यों नहीं हुआ? चुनावों के वक्त आरएसएस ठीक ठीक कैसी मदद करता है? सांप्रदायिक उकसावे क्या चुनाव जीत सकते हैं? उत्तर-पूर्व में पार्टी कैसे आगे बढ़ रही है? चुनावी प्रबंधन की अमित शाह की रणनीति क्या है और क्यों उनका कौशल बिहार में नाकाम रहा? बेहद सूझबूझ के साथ इन बिंदुओं का विश्लेषण करते हुए यह किताब रणनीतिकारों और जमीन पर काम करने वालों के नजरियों के आधार पर भारत के सत्ताधारी दल पर एक बारीक निगाह डालती है. |
| 546 ## - LANGUAGE NOTE | |
| Language note | Hindi |
| 650 ## - SUBJECT ADDED ENTRY--TOPICAL TERM | |
| Topical Term | Political Party |
| Form subdivision | Bhartiye Janata Party |
| Geographic subdivision | India |
| 650 ## - SUBJECT ADDED ENTRY--TOPICAL TERM | |
| Topical Term | Prime Minster |
| Form subdivision | Modi, Narendra, 2014 |
| Geographic subdivision | India |
| 700 ## - ADDED ENTRY--PERSONAL NAME | |
| Personal name | Bhatnagar, Anup Kumar |
| 942 ## - ADDED ENTRY ELEMENTS (KOHA) | |
| Koha item type | Books |
| Source of classification or shelving scheme | Dewey Decimal Classification |
| Withdrawn status | Lost status | Damaged status | Not for loan | Home library | Current library | Date acquired | Source of acquisition | Bill Date | Full call number | Accession Number | Price effective from | Koha item type |
|---|---|---|---|---|---|---|---|---|---|---|---|---|
| NASSDOC Library | NASSDOC Library | 26/03/2018 | OP | 2018-02-28 | 320.954 JHA-K | 49856 | 18/04/2019 | Books |
